[Event "Armenia Quindio op"]
[Site "Armenia"]
[Date "2024.04.07"]
[Round "5"]
[White "Cuellar Sanchez, Matias"]
[Black "Puerta Rendon, Jacobo"]
[Result "0-1"]
[WhiteElo "1594"]
[BlackElo "1909"]
[PlyCount "54"]
[EventDate "2024.04.06"]
[EventType "swiss"]
[EventRounds "6"]
[EventCountry "COL"]
[SourceTitle "CB16_2024"]
[SourceDate "2024.04.17"]
[SourceVersion "1"]
[SourceVersionDate "2024.04.17"]
[SourceQuality "1"]

1. e4 e5 2. Nf3 Nc6 3. d4 exd4 4. Bc4 Nf6 5. e5 d5 6. Bb5 Ne4 7. Nxd4 Bd7 8. Bxc6 bxc6 9. 0-0 Be7 10. f3 Nc5 11. Be3 0-0 12. Nd2 f6 13. f4 Rb8 14. b3 fxe5 15. fxe5 Rxf1+ 16. Qxf1 Ne6 17. Nf5 Bb4 18. Qf2 Bc3 19. Rf1 Bxe5 20. Bxa7 Ra8 21. a4 Nf4 22. Bd4 Qg5 23. Ng3 Bxd4 24. Qxd4 Rf8 25. Nf3 Qxg3 26. hxg3 Ne2+ 27. Kh2 Nxd4 0-1

[Event "COL-ch sf"]
[Site "Pereira"]
[Date "2024.03.28"]
[Round "5"]
[White "Torres, Jorge Emilio"]
[Black "Puerta Rendon, Jacobo"]
[Result "0-1"]
[WhiteElo "2005"]
[BlackElo "1895"]
[PlyCount "114"]
[EventDate "2024.03.26"]
[EventType "swiss"]
[EventRounds "11"]
[EventCountry "COL"]
[SourceTitle "CB14_2024"]
[SourceDate "2024.04.01"]
[SourceVersion "1"]
[SourceVersionDate "2024.04.01"]
[SourceQuality "1"]

1. e4 e5 2. Nc3 Nc6 3. g3 Nf6 4. Bg2 Bc5 5. d3 d6 6. h3 Be6 7. Nge2 d5 8. 0-0 Qd7 9. Kh2 dxe4 10. dxe4 Qxd1 11. Rxd1 Bxf2 12. Bg5 Nd7 13. Nd5 Bb6 14. c3 f6 15. Nxb6 Nxb6 16. Be3 Kf7 17. b3 Rhd8 18. Kg1 a5 19. c4 a4 20. Kf2 Nb4 21. c5 Nd7 22. a3 Nc2 23. b4 Nxa1 24. Rxa1 Nf8 25. Nc3 Bc4 26. Nd5 Ne6 27. Rc1 Bb5 28. Nc3 Bd3 29. Nd5 c6 30. Nb6 Rab8 31. Rc3 Bb5 32. Bc1 Rd1 33. Bf3 Rf1+ 34. Kg2 Nd4 35. Bg4 Re1 36. Be3 Nb3 37. Bf2 Ra1 38. Rf3 Nd2 39. Re3 Nc4 40. Rf3 Nxb6 41. cxb6 Be2 42. Rc3 Bxg4 43. hxg4 Rb1 44. Rd3 Ke8 45. Bc5 Rd8 46. Rc3 Rb3 47. Rc2 Rdd3 48. Bf2 Rdc3 49. Rd2 Rxa3 50. g5 Rd3 51. Re2 Rab3 52. gxf6 gxf6 53. Kh3 a3 54. Bc5 Rb2 55. Re1 a2 56. Rf1 Rb1 57. Rxf6 a1Q 0-1

[Event "COL-ch sf"]
[Site "Pereira"]
[Date "2024.03.27"]
[Round "3"]
[White "Bustamante Herrera, Mateo"]
[Black "Puerta Rendon, Jacobo"]
[Result "0-1"]
[WhiteElo "1600"]
[BlackElo "1895"]
[PlyCount "100"]
[EventDate "2024.03.26"]
[EventType "swiss"]
[EventRounds "11"]
[EventCountry "COL"]
[SourceTitle "CB14_2024"]
[SourceDate "2024.04.01"]
[SourceVersion "1"]
[SourceVersionDate "2024.04.01"]
[SourceQuality "1"]

1. e4 e5 2. Nf3 Nc6 3. Bb5 a6 4. Bxc6 dxc6 5. h3 f6 6. 0-0 Bc5 7. c3 Qd3 8. Re1 Be6 9. Qe2 0-0-0 10. b3 Ne7 11. Ba3 Bxa3 12. Nxa3 Ng6 13. Qe3 Kb8 14. Rad1 Nf4 15. Qxd3 Rxd3 16. Nb1 Nxh3+ 17. gxh3 Rxf3 18. Re3 Rxe3 19. dxe3 Bxh3 20. Rd3 Kc8 21. Kh2 Bf1 22. Rd1 Be2 23. Rg1 g6 24. f4 Re8 25. Re1 Bd3 26. Nd2 Kd7 27. Kg2 Ke6 28. Kf3 Rd8 29. Rh1 Rd7 30. c4 Bc2 31. Ke2 f5 32. exf5+ Kxf5 33. Nf3 Bd3+ 34. Ke1 exf4 35. Kd2 Be4+ 36. Ke2 fxe3 37. Rh3 Bxf3+ 38. Rxf3+ Kg4 39. Rxe3 Rf7 40. Re6 Kh5 41. Re5+ g5 42. Ke3 Kh4 43. Re6 h5 44. Rg6 g4 45. Ke4 Kh3 46. Ke5 g3 47. Ke6 Rf1 48. Kd7 g2 49. Kxc7 g1Q 50. Rxg1 Rxg1 0-1

[Event "ARG-ch U18"]
[Site "Ibague"]
[Date "2024.03.16"]
[Round "4"]
[White "Puerta Rendon, Jacobo"]
[Black "Gutierrez Pinzon, Sebastian"]
[Result "0-1"]
[WhiteElo "1895"]
[BlackElo "1763"]
[PlyCount "64"]
[EventDate "2024.03.14"]
[EventType "swiss"]
[EventRounds "7"]
[EventCountry "COL"]
[SourceTitle "CB12_2024"]
[SourceDate "2023.10.01"]
[SourceVersion "1"]
[SourceVersionDate "2023.10.01"]
[SourceQuality "1"]

1. e4 c5 2. Nf3 Nc6 3. d4 cxd4 4. Nxd4 Nf6 5. Nc3 e5 6. Ndb5 d6 7. Nd5 Nxd5 8. exd5 Nb8 9. c4 Be7 10. Be2 Bd7 11. Nc3 0-0 12. 0-0 f5 13. a3 Na6 14. b4 b6 15. c5 Bc8 16. Bxa6 Bxa6 17. b5 Bc8 18. cxb6 axb6 19. Ne2 Qe8 20. Be3 Qxb5 21. Rb1 Qc4 22. Rb4 Qa2 23. Nc3 Qxa3 24. Rb3 Qa7 25. Bxb6 Qd7 26. f4 Ba6 27. Rf2 e4 28. Ne2 Bd3 29. Nd4 Bf6 30. Ne6 Ra1 31. Qxa1 Bxa1 32. Nxf8 Qa4 0-1

[Event "COL-ch U20"]
[Site "Cali"]
[Date "2024.03.01"]
[Round "5"]
[White "Puerta Rendon, Jacobo"]
[Black "Cordoba Roa, Angel Gabriel"]
[Result "0-1"]
[WhiteElo "1825"]
[BlackElo "2312"]
[PlyCount "82"]
[EventDate "2024.02.28"]
[EventType "swiss"]
[EventRounds "9"]
[EventCountry "COL"]
[SourceTitle "CB11_2024"]
[SourceDate "2024.03.13"]
[SourceVersion "1"]
[SourceVersionDate "2024.03.13"]
[SourceQuality "1"]

1. e4 e5 2. Nf3 Nc6 3. Bc4 Nf6 4. d3 Bc5 5. c3 d6 6. b4 Bb6 7. a4 a5 8. b5 Ne7 9. Nbd2 Ng6 10. 0-0 0-0 11. Bb3 c6 12. Nc4 Bc7 13. Ne3 d5 14. Qc2 Re8 15. Ba3 h6 16. Rfe1 Be6 17. Rad1 Qb8 18. Rb1 Qd8 19. c4 d4 20. Nf1 Bg4 21. N1d2 Qd7 22. Kh1 Nf4 23. Ng1 Bh5 24. f3 g5 25. g3 Ne6 26. g4 Bg6 27. c5 h5 28. Bxe6 Qxe6 29. h3 Kg7 30. Qd1 Rh8 31. Kg2 Bd8 32. bxc6 bxc6 33. Qb3 Qd7 34. Qb7 Bc7 35. Qb2 hxg4 36. fxg4 Nxg4 37. Nc4 Nf6 38. Qf2 Qe6 39. Rb7 Qc8 40. Rb2 g4 41. Qg3 Nh5 0-1

[Event "COL-ch U20"]
[Site "Cali"]
[Date "2024.03.01"]
[Round "4"]
[White "Ramirez Villegas, Nicolas David"]
[Black "Puerta Rendon, Jacobo"]
[Result "0-1"]
[WhiteElo "1547"]
[BlackElo "1825"]
[PlyCount "113"]
[EventDate "2024.02.28"]
[EventType "swiss"]
[EventRounds "9"]
[EventCountry "COL"]
[SourceTitle "CB11_2024"]
[SourceDate "2024.03.13"]
[SourceVersion "1"]
[SourceVersionDate "2024.03.13"]
[SourceQuality "1"]

1. e4 e5 2. Nf3 Nc6 3. Bb5 a6 4. Ba4 Nf6 5. 0-0 Be7 6. c3 b5 7. Bc2 d6 8. h3 0-0 9. d4 Bb7 10. Nbd2 Re8 11. d5 Nb8 12. c4 bxc4 13. Nxc4 c6 14. Be3 cxd5 15. Nb6 d4 16. Nxd4 Qxb6 17. Ne6 Qc6 18. Ng5 Qd7 19. Ba4 Bc6 20. Bb3 d5 21. f4 Nxe4 22. Nxe4 dxe4 23. Qh5 g6 24. Qh6 Bf8 25. Qg5 Qe7 26. fxe5 Qxg5 27. Bxf7+ Kh8 28. Bxg5 Rxe5 29. Bf6+ Bg7 30. Bxe5 Bxe5 31. Rad1 Ra7 32. Be8 Kg7 33. Rd8 Bxe8 34. Rxe8 Nc6 35. Rc1 Bd4+ 36. Kh1 Ne5 37. Rd1 Nd3 38. Kh2 Bxb2 39. Rd2 Be5+ 40. g3 Rc7 41. h4 Kf7 42. Rd8 Ke7 43. Rd5 Ke6 44. Ra5 Rc6 45. Re2 Nc5 46. Kg2 Kd5 47. Rc2 Bd4 48. Kf1 Rf6+ 49. Ke1 Rf3 50. Rcxc5+ Bxc5 51. Rxa6 Kd4 52. Ra8 Ke3 53. Rb8 Rxg3 54. Rb3+ Kf4 55. Rxg3 Kxg3 56. Ke2 Kxh4 57. Kf1 0-1

[Event "COL-ch U20"]
[Site "Cali"]
[Date "2024.02.28"]
[Round "1"]
[White "Puerta Rendon, Jacobo"]
[Black "Diaz Uchima, Emmanuel Santiago"]
[Result "1-0"]
[WhiteElo "1825"]
[BlackElo "1227"]
[PlyCount "69"]
[EventDate "2024.02.28"]
[EventType "swiss"]
[EventRounds "9"]
[EventCountry "COL"]
[SourceTitle "CB11_2024"]
[SourceDate "2024.03.13"]
[SourceVersion "1"]
[SourceVersionDate "2024.03.13"]
[SourceQuality "1"]

1. e4 c6 2. d4 d5 3. Nc3 dxe4 4. Nxe4 Nf6 5. Nxf6+ exf6 6. Nf3 Bd6 7. Bd3 Bg4 8. 0-0 0-0 9. h3 Bh5 10. c4 Nd7 11. Be4 Bg6 12. Bxg6 fxg6 13. Qb3 Kh8 14. Qxb7 Qc7 15. Qxc7 Bxc7 16. Bd2 a5 17. Rfe1 Rfe8 18. Kf1 c5 19. Bc3 Bb6 20. Rxe8+ Rxe8 21. Re1 Rxe1+ 22. Kxe1 cxd4 23. Bxd4 Kg8 24. Kd2 Kf7 25. Bxb6 Nxb6 26. Kd3 Ke7 27. Kd4 Kd7 28. a3 Kc6 29. b4 a4 30. b5+ Kc7 31. c5 Nd7 32. Kd5 g5 33. b6+ Kb8 34. Kd6 Kc8 35. b7+ 1-0

[Event "Manizales Feria op 29th"]
[Site "Manizales"]
[Date "2024.01.08"]
[Round "7"]
[White "Pinzon, Hector"]
[Black "Puerta Rendon, Jacobo"]
[Result "0-1"]
[WhiteElo "1635"]
[BlackElo "1776"]
[PlyCount "82"]
[EventDate "2024.01.05"]
[EventType "swiss"]
[EventRounds "7"]
[EventCountry "COL"]
[SourceTitle "CB02_2024"]
[SourceDate "2024.01.10"]
[SourceVersion "1"]
[SourceVersionDate "2024.01.10"]
[SourceQuality "1"]

1. c4 e5 2. Nc3 Nf6 3. g3 d5 4. cxd5 Nxd5 5. Bg2 Be6 6. Nf3 Nc6 7. d3 Be7 8. 0-0 0-0 9. Ne4 h6 10. a3 a5 11. Bd2 a4 12. Rc1 f5 13. Nc5 Bxc5 14. Rxc5 Qd6 15. Qc2 e4 16. dxe4 fxe4 17. Qxe4 Qxc5 18. Qxe6+ Kh8 19. Nh4 Nde7 20. Bc3 Qd6 21. Qg4 Rf7 22. e4 Raf8 23. e5 Nxe5 24. Qh5 N5g6 25. Be4 Nxh4 26. Qxh4 Qb6 27. g4 Kg8 28. Bb4 c5 29. Bc3 Qe6 30. f3 Qxe4 31. fxe4 Rxf1+ 32. Kg2 Ng6 33. Qg3 R1f3 34. Qe1 Nf4+ 35. Kg1 Nh3+ 36. Kg2 Rf2+ 37. Kg3 R8f3+ 38. Kh4 Rxh2 39. Qg3 Rxg3 40. Kxg3 Re2 41. Kxh3 Rxe4 0-1

[Event "COL-chT"]
[Site "Risaralda"]
[Date "2023.11.19"]
[Round "2.4"]
[White "Munoz Triana, Joseph Steve"]
[Black "Puerta Rendon, Jacobo"]
[Result "1-0"]
[WhiteElo "1984"]
[BlackElo "1867"]
[PlyCount "74"]
[EventDate "2023.11.19"]
[EventType "team-swiss"]
[EventRounds "7"]
[EventCountry "COL"]
[SourceTitle "CB49_2023"]
[SourceDate "2023.12.06"]
[SourceVersion "1"]
[SourceVersionDate "2023.12.06"]
[SourceQuality "1"]
[WhiteTeam "Tolima"]
[BlackTeam "Risaralda"]
[WhiteTeamCountry "COL"]
[BlackTeamCountry "COL"]

1. e4 e5 2. Nf3 Nc6 3. d4 exd4 4. Nxd4 Bb4+ 5. c3 Bc5 6. Be3 Bb6 7. Nf5 Bxe3 8. Nxe3 Nf6 9. f3 0-0 10. c4 d6 11. Nc3 Nh5 12. Qd2 Qh4+ 13. g3 Nxg3 14. Qf2 Qh6 15. hxg3 Qxh1 16. 0-0-0 Ne5 17. Be2 Qh3 18. g4 Qh6 19. f4 Ng6 20. Ng2 Qh3 21. f5 Qh6+ 22. Kc2 Ne5 23. Qg3 g5 24. Nd5 Bd7 25. Nge3 c6 26. Ne7+ Kh8 27. c5 Qf6 28. cxd6 b5 29. Qh2 Kg7 30. Nf1 Rh8 31. Ng3 h5 32. Nxh5+ Rxh5 33. gxh5 Kh6 34. Qg3 Re8 35. Qa3 Ra8 36. b4 Re8 37. Qxa7 Rd8 1-0

[Event "Pereira Fiestas de la Cosecha op"]
[Site "Pereira"]
[Date "2023.08.25"]
[Round "2"]
[White "Puerta Rendon, Jacobo"]
[Black "Valdes Martinez, Miguel A"]
[Result "1/2-1/2"]
[WhiteElo "1757"]
[BlackElo "2100"]
[PlyCount "47"]
[EventDate "2023.08.24"]
[EventType "swiss"]
[EventRounds "7"]
[EventCountry "COL"]
[SourceTitle "EXT 2024"]
[Source "ChessBase"]
[SourceDate "2023.10.10"]
[SourceVersion "1"]
[SourceVersionDate "2023.10.10"]
[SourceQuality "1"]

1. e4 c5 2. c3 d5 3. exd5 Qxd5 4. d4 Nf6 5. Nf3 e6 6. Bd3 Be7 7. 0-0 0-0 8. Be3 cxd4 9. cxd4 b6 10. Nc3 Qd8 11. Ng5 Bb7 12. Qc2 h6 13. Nh7 Nxh7 14. Bxh7+ Kh8 15. Be4 Bxe4 16. Qxe4 Nd7 17. Rfd1 Nf6 18. Qf3 Nd5 19. Nxd5 Qxd5 20. Qxd5 exd5 21. Rac1 Rac8 22. Rxc8 Rxc8 23. Rc1 Rxc1+ 24. Bxc1 1/2-1/2

[Event "Rivera Huila Hernandez Memorial-B"]
[Site "Rivera Huila"]
[Date "2023.07.22"]
[Round "5"]
[White "Susunaga Duran, Madelen Fernanda"]
[Black "Puerta Rendon, Jacobo"]
[Result "1/2-1/2"]
[WhiteElo "1197"]
[BlackElo "1833"]
[PlyCount "91"]
[EventDate "2023.07.20"]
[EventType "swiss"]
[EventRounds "7"]
[EventCountry "COL"]
[SourceTitle "CBM 215 Extra"]
[Source "ChessBase"]
[SourceDate "2023.09.30"]
[SourceVersion "1"]
[SourceVersionDate "2023.09.30"]
[SourceQuality "1"]

1. e4 e5 2. Nf3 Nc6 3. Bc4 Bc5 4. c3 Nf6 5. d4 exd4 6. e5 d5 7. Bb5 Ne4 8. cxd4 Bb6 9. Nc3 Bg4 10. h3 Bh5 11. Qc2 0-0 12. Be3 Bg6 13. Qb3 Nxc3 14. bxc3 Na5 15. Qd1 Qe7 16. 0-0 c5 17. Rc1 c4 18. Rc2 Bxc2 19. Qxc2 a6 20. Ng5 f5 21. Ba4 Bc7 22. Qd2 b5 23. Bc2 h6 24. Nf3 Nc6 25. g3 Qe6 26. Nh4 Bd8 27. Ng2 Ne7 28. Bd1 a5 29. Bh5 Rb8 30. a3 Qc6 31. Nf4 Kh7 32. Rb1 g5 33. Ng2 Ng6 34. f4 gxf4 35. Nxf4 Nxf4 36. Bxf4 Be7 37. e6 Qxe6 38. Bxb8 Rxb8 39. Re1 Qd6 40. Qe3 Bg5 41. Qf3 Rf8 42. Re5 f4 43. Rxd5 Qe6 44. Re5 Qxh3 45. Qe4+ Kh8 46. Rxg5 1/2-1/2

[Event "Rivera Huila Hernandez Memorial-B"]
[Site "Rivera Huila"]
[Date "2023.07.21"]
[Round "2"]
[White "Puerta Rendon, Jacobo"]
[Black "Gutierrez Pinzon, Sebastian"]
[Result "0-1"]
[WhiteElo "1833"]
[BlackElo "1463"]
[PlyCount "82"]
[EventDate "2023.07.20"]
[EventType "swiss"]
[EventRounds "7"]
[EventCountry "COL"]
[SourceTitle "CBM 215 Extra"]
[Source "ChessBase"]
[SourceDate "2023.09.30"]
[SourceVersion "1"]
[SourceVersionDate "2023.09.30"]
[SourceQuality "1"]

1. e4 c5 2. Nf3 d6 3. d4 cxd4 4. Nxd4 Nf6 5. Nc3 Nc6 6. Be2 Bd7 7. Be3 Nxd4 8. Qxd4 e5 9. Qd3 Be7 10. f4 Rc8 11. Bxa7 Rxc3 12. bxc3 Qa5 13. Be3 0-0 14. 0-0 Rc8 15. Bd2 d5 16. fxe5 dxe4 17. Qg3 Nd5 18. Kh1 Rc6 19. Bh5 Be8 20. Qf2 g6 21. Bg4 Nxc3 22. Qd4 Nb5 23. Qe3 Qc7 24. Qxe4 Rxc2 25. Rac1 Rxc1 26. Rxc1 Bc6 27. Qe2 Qd8 28. a4 Nd4 29. Qc4 h5 30. Bh3 Ba3 31. Rc3 Bb2 32. Rg3 Nf5 33. Bxf5 Qxd2 34. Qf1 Bxe5 35. Rd3 Qg5 36. Bd7 Be4 37. Rb3 Qh4 38. Bh3 Bc6 39. a5 g5 40. Qg1 g4 41. a6 gxh3 0-1

[Event "Rivera Huila Hernandez Memorial-B"]
[Site "Rivera Huila"]
[Date "2023.07.20"]
[Round "1"]
[White "Vargas Trujillo, Santiago"]
[Black "Puerta Rendon, Jacobo"]
[Result "0-1"]
[WhiteElo "1652"]
[BlackElo "1833"]
[PlyCount "66"]
[EventDate "2023.07.20"]
[EventType "swiss"]
[EventRounds "7"]
[EventCountry "COL"]
[SourceTitle "CBM 215 Extra"]
[Source "ChessBase"]
[SourceDate "2023.09.30"]
[SourceVersion "1"]
[SourceVersionDate "2023.09.30"]
[SourceQuality "1"]

1. e4 e5 2. Nf3 Nc6 3. Bc4 Bc5 4. c3 Nf6 5. b4 Bb6 6. d3 d6 7. Nbd2 0-0 8. Bb3 a6 9. 0-0 Ne7 10. Nc4 Ba7 11. Be3 Ng6 12. Bxa7 Rxa7 13. Ne3 c6 14. c4 Ng4 15. a4 f5 16. Nxf5 Bxf5 17. exf5 Rxf5 18. h3 Nh6 19. Nd2 Nf4 20. Ne4 Qh4 21. Kh2 Rh5 22. Qf3 Nf5 23. Bd1 d5 24. cxd5 cxd5 25. Nc3 Rg5 26. Rg1 Nd4 27. Qe3 Ra8 28. Ne2 Nfxe2 29. Bxe2 Nc2 30. Qc5 Nxa1 31. Qxd5+ Kh8 32. Rxa1 Qxb4 33. Rc1 Qf4+ 0-1

[Event "COL-ch 20"]
[Site "Cali"]
[Date "2023.06.22"]
[Round "1"]
[White "Puerta Rendon, Jacobo"]
[Black "Aguirre Aldana, Joan Sebastian"]
[Result "1-0"]
[WhiteElo "1707"]
[BlackElo "1538"]
[PlyCount "43"]
[EventDate "2023.06.22"]
[EventType "swiss"]
[EventRounds "7"]
[EventCountry "COL"]
[SourceTitle "CBM 214 Extra"]
[Source "ChessBase"]
[SourceDate "2023.07.31"]
[SourceVersion "1"]
[SourceVersionDate "2023.07.31"]
[SourceQuality "1"]

1. e4 e5 2. Nf3 Nc6 3. Bb5 a6 4. Ba4 Nf6 5. 0-0 Be7 6. Re1 b5 7. Bb3 d6 8. c3 0-0 9. h3 Nb8 10. d3 Nbd7 11. Be3 Bb7 12. Nbd2 Re8 13. Nf1 Bf8 14. Ng3 d5 15. Bg5 Nc5 16. Bxd5 Bxd5 17. exd5 Qxd5 18. Bxf6 gxf6 19. Nh5 Re6 20. d4 Na4 21. c4 Qxc4 22. b3 1-0

[Event "Manizales op 28th"]
[Site "Manizales"]
[Date "2023.01.06"]
[Round "2"]
[White "Puerta Rendon, Jacobo"]
[Black "Romero, Miguel Angel"]
[Result "1-0"]
[WhiteElo "1733"]
[BlackElo "1472"]
[PlyCount "67"]
[EventDate "2023.01.05"]
[EventType "swiss"]
[EventRounds "8"]
[EventCountry "COL"]
[SourceTitle "CBM 212 Extra"]
[Source "ChessBase"]
[SourceDate "2023.03.31"]
[SourceVersion "1"]
[SourceVersionDate "2023.03.31"]
[SourceQuality "1"]

1. e4 d5 2. exd5 Qxd5 3. Nc3 Qd6 4. Bc4 a6 5. d3 b5 6. Bxf7+ Kxf7 7. Qf3+ Nf6 8. Qxa8 Qb6 9. Be3 Qb7 10. Qxb7 Bxb7 11. f3 Nbd7 12. Ne4 Nd5 13. Bd2 e5 14. Ne2 Bb4 15. N2c3 Ne7 16. Ng5+ Kf6 17. Nce4+ Kg6 18. Bxb4 Nd5 19. Bd2 Re8 20. h4 h5 21. 0-0-0 a5 22. c4 Nb4 23. Bxb4 axb4 24. cxb5 Bd5 25. b3 Nb6 26. Kb2 Re7 27. Rc1 Ba8 28. Rc5 Nd5 29. Rhc1 Nf4 30. Rxc7 Nxd3+ 31. Kb1 Re8 32. Rd1 Rd8 33. Nf2 e4 34. fxe4 1-0